| 000 | 00719nam a22001937a 4500 | ||
|---|---|---|---|
| 005 | 20240212093705.0 | ||
| 008 | s2543 th tha d | ||
| 020 | _a9742568154 | ||
| 040 | _aNALT | ||
| 041 | _atha | ||
| 050 | _aDS589.K31 ก125ก 2543 | ||
| 100 | 0 | _aกนกวรรณ โสภณวัฒนวิจิตร | |
| 245 | 1 | 0 | _aกำแพงเพชร |
| 260 | 3 |
_aกรุงเทพฯ : _bต้นอ้อ 1999, _c2543 |
|
| 300 |
_a239 หน้า : _b ภาพประกอบ, แผนที่ ; _c 21 ซม. |
||
| 650 | 0 | 4 | _aกำแพงเพชร -- ภูมิประเทศและการท่องเที่ยว |
| 850 | _aNALT | ||
| 942 |
_cGB _2lcc |
||
| 999 |
_c11746 _d11746 |
||
| 998 |
_j4576 _k นักศึกษาฝึกงาน-02 |
||